000
00257nam a2200097Ia 4500
008
231129s9999||||xx |||||||||||||| ||spa||
082
_a
649.1 S939
245
0
_a
Su niƱo : un manual para los padres
264
_a
Meredith Publishing Company
942
_2
ddc
_c
BKS
999
_c
24868
_d
24868